Premier League Clubs That Scored the Least Goals in 24/25 - Statistics

General Stats
  • This quiz has been taken 12 times
  • The average score is 5 of 5
Answer Stats
Goals Club % Correct
33 Leicester City
100%
44 Manchester United
100%
36 Ipswich Town
92%
26 Southampton
92%
42 Everton
75%
No matching quizzes found
Score Distribution
Percent of People with Each Score
Percentile by Number Answered
Your Score History
You have not taken this quiz